000 00299nam a22001337a 4500
008 170905b xxu||||| |||| 00| 0 eng d
020 _a9780838908181
041 _aeng
080 _a070
100 _a40
101 _a MED
245 _aPOWERFUL PUBLIC RELATIONS
_cKARP.R.S
942 _2udc
_cBK
999 _c26207
_d26207